| 000 | 01396cam a2200337 i 4500 | ||
|---|---|---|---|
| 003 | SA-RiAUC | ||
| 005 | 20241123164046.0 | ||
| 008 | 241123s1979 ua f b f000 0 ara c | ||
| 020 | _a9772476304 | ||
| 040 |
_aSA-MuMU _bara _cSA-RiAUC _erda |
||
| 043 | _af-ua--- | ||
| 082 | 0 | 4 |
_a346.6 _qSA-RiAUC |
| 090 |
_a346.6 _bع ا م |
||
| 100 | 1 |
_aعامر، حسين _eمؤلف. |
|
| 245 | 1 | 2 |
_aالمسئولية المدنية التقصيرية والعقدية / _cحسين عامر، عبد الرحيم عامر. |
| 250 | _aالطبعة الثانية. | ||
| 264 | 1 |
_aالقاهرة : _bدار المعارف، _c1979 |
|
| 300 |
_a764 صفحة ؛ _c25 سم |
||
| 336 |
_aنص _btxt _2rdacontent _3كتاب |
||
| 337 |
_aبدون وسيط _bn _2rdamedia |
||
| 338 |
_aمجلد _bnc _2rdacarrier |
||
| 500 | _aيشتمل على كشافات. | ||
| 504 | _aيشتمل على إرجاعات ببليوجرافية باللغة العربية والفرنسية. | ||
| 650 | 7 |
_aالمسئولية التقصيرية _zمصر _2aucsh |
|
| 650 | 7 |
_aالمسئولية التعاقدية _xقوانين وتشريعات _zمصر _2aucsh |
|
| 650 | 7 |
_aالمسئولية المدنية _zمصر _2aucsh |
|
| 650 | 7 |
_aالعقود (قانون مدني) _zمصر _2aucsh |
|
| 700 | 1 |
_aعامر، عبد الرحيم _eمؤلف. |
|
| 942 |
_2ddc _cBOOK _n0 |
||
| 949 |
_aSA-JeALM _d241123 _umohamedma123 _n1 |
||
| 999 |
_c2657 _d2657 |
||